<?xml version="1.0" encoding="UTF-8"?>
<record
    xmlns:xsi="http://www.w3.org/2001/XMLSchema-instance"
    xsi:schemaLocation="http://www.loc.gov/MARC21/slim http://www.loc.gov/standards/marcxml/schema/MARC21slim.xsd"
    xmlns="http://www.loc.gov/MARC21/slim">

  <leader>00718nom a22001817a 4500</leader>
  <controlfield tag="005">20220608181209.0</controlfield>
  <controlfield tag="008">190718b        xxu||||| |||| 00| 0 spa d</controlfield>
  <datafield tag="041" ind1=" " ind2=" ">
    <subfield code="a">ESP</subfield>
  </datafield>
  <datafield tag="082" ind1=" " ind2=" ">
    <subfield code="a">Piel quemada / piel normal</subfield>
  </datafield>
  <datafield tag="245" ind1=" " ind2=" ">
    <subfield code="a">Piel quemada / piel normal</subfield>
  </datafield>
  <datafield tag="500" ind1=" " ind2=" ">
    <subfield code="a">Modelo anat&#xF3;mico que presenta la condici&#xF3;n de la piel con quemaduras de primer, segundo y tercer grado, comparada con la anatom&#xED;a de la piel sana.

Se prestan para el mismo d&#xED;a, hasta las 7:50 pm</subfield>
  </datafield>
  <datafield tag="650" ind1=" " ind2=" ">
    <subfield code="a">ANATOM&#xCD;A DE LA PIEL</subfield>
    <subfield code="9">63526</subfield>
  </datafield>
  <datafield tag="650" ind1=" " ind2=" ">
    <subfield code="a">QUEMADURAS DE PRIMER GRADO</subfield>
    <subfield code="9">63527</subfield>
  </datafield>
  <datafield tag="650" ind1=" " ind2=" ">
    <subfield code="a">QUEMADURAS DE SEGUNDO GRADO</subfield>
    <subfield code="9">63528</subfield>
  </datafield>
  <datafield tag="650" ind1=" " ind2=" ">
    <subfield code="a">QUEMADURAS DE TERCER GRADO</subfield>
    <subfield code="9">63529</subfield>
  </datafield>
  <datafield tag="650" ind1=" " ind2=" ">
    <subfield code="a">MODELOS ANAT&#xD3;MICOS</subfield>
    <subfield code="9">63530</subfield>
  </datafield>
  <datafield tag="942" ind1=" " ind2=" ">
    <subfield code="c">MA</subfield>
  </datafield>
  <datafield tag="999" ind1=" " ind2=" ">
    <subfield code="c">12132</subfield>
    <subfield code="d">12132</subfield>
  </datafield>
  <datafield tag="952" ind1=" " ind2=" ">
    <subfield code="0">0</subfield>
    <subfield code="1">0</subfield>
    <subfield code="4">0</subfield>
    <subfield code="7">0</subfield>
    <subfield code="g">63025.00</subfield>
    <subfield code="l">0</subfield>
    <subfield code="o">Piel quemada / piel normal</subfield>
    <subfield code="p">ACT-7773</subfield>
    <subfield code="r">2019-07-18 00:00:00</subfield>
    <subfield code="w">2019-07-18</subfield>
    <subfield code="y">MA</subfield>
  </datafield>
</record>
